000 01070nam a22002055i 4500
001 162124
003 ES-MaACL
005 20230906212431.0
008 041104s1856 sp |||| | spa d
040 _aCAM
_bspa
_cCAM
100 1 _aPiferrer, Francisco.
_991985
245 1 3 _aEl idioma francés puesto al alcance de todos ó Método natural para aprender el francés de un modo fácil y agradable sin cansar la memoria /
_cpor Francisco Piferrer.
250 _a4ª ed. corr. y aum. por el autor.
260 _aMadrid :
_ben el despacho de libros, calle Hortaleza, núm. 10,
_c1856 (
_fImp. de la Revista de legislación, á cargo de J. Morales)
300 _a51, 114, 63 p. ;
_c23 cm.
505 8 _aLa segunda secuencia de pag., con port. propia, corresponde a : Tratado de los verbos franceses para uso de los españoles
650 0 4 _aLengua francesa-
_vMétodos.
_914225
740 0 1 _aMétodo natural para aprender el francés de un modo fácil y agradable sin cansar la memoria.
852 _aES-MaACL
_jG-5888
_z-- Enc. hol.
_z-- Legado de Modesto de la Fuente
999 _c162124
_d162124